Statystyki dla Miasta i miejscowości wypoczynkowe z kempingami w Polsce

Kliknij tutaj aby rozwiązać quiz!

Ogólne statystyki

  • Ten quiz został rozwiązany 53 razy
  • Średni wynik to 4 z 8

Statystyki odpowiedzi

Ile?Gdzie?% Poprawnych
3Gdańsk
78%
3Sopot
73%
4Zakopane
63%
9Łeba
55%
3Władysławowo
51%
3Mielno
39%
5Kraków
37%
3Chłapowo
6%

Rozkład punktacji

Percentyl według liczby udzielonych odpowiedzi

Procent ludzi z każdym wynikiem

Twoja historia wyników

Nie rozwiązałeś tego quizu